000 00709nam a2200289Ia 4500
005 20260324121205.0
008 008 260324s9999 xx 000 0 eng d
020 _a9781003443964
037 _aEBOOK
040 _aCRL
040 _beng
040 _cCRL
041 _2eng
041 _aeng
084 _qCRL
100 _aInsung Jung; Charlotte Nirmalani Gunawardena
_91161552
245 0 _aCulture and Online Learning
245 0 _bGlobal Perspectives and Research
260 _bTaylor and Francis
260 _c2014
365 _a
365 _b230
856 _uhttp://www.taylorfrancis.com/books/9781003443964
942 _cEBOOK
999 _c1753489
_d1753489